[Event "Urals-ch"]
[Site "Satka"]
[Date "2012.03.27"]
[Round "4"]
[White "Panov, Maksim"]
[Black "Chekletsov, Ilya"]
[Result "1/2-1/2"]
[WhiteElo "2048"]
[BlackElo "1922"]
[PlyCount "81"]
[EventDate "2012.03.24"]
[EventType "swiss"]
[EventRounds "9"]
[EventCountry "RUS"]
[SourceTitle "CBM 147 Extra"]
[Source "ChessBase"]
[SourceDate "2012.04.24"]
[SourceVersion "1"]
[SourceVersionDate "2012.04.24"]
[SourceQuality "1"]

1. c4 Nf6 2. Nc3 g6 3. g3 Bg7 4. Bg2 0-0 5. e4 d6 6. Nge2 c5 7. 0-0 Nc6 8. d3 a6 9. h3 Rb8 10. Be3 b5 11. Rb1 Be6 12. Nd5 Nd7 13. b3 bxc4 14. dxc4 f5 15. Ndf4 Bf7 16. exf5 Rc8 17. fxg6 hxg6 18. Nxg6 Bxg6 19. Bxc6 Rxc6 20. Qd5+ e6 21. Qxc6 Ne5 22. Qxa6 Nf3+ 23. Kh1 Be4 24. Nf4 Rxf4 25. Bxf4 e5 26. Be3 Qd7 27. g4 Bf8 28. Kg2 Qh7 29. Rh1 Nd4+ 30. Kg3 Bb7 31. Qa5 Nf5+ 32. Kh2 Nxe3 33. Rhg1 Nc2 34. Qd8 Nd4 35. Qg5+ Bg7 36. Qd8+ Bf8 37. Qg5+ Bg7 38. Qd8+ Bf8 39. Qg5+ Bg7 40. Qd8+ Bf8 41. Qg5+ 1/2-1/2